[Event "COL-ch"]
[Site "Ibague"]
[Date "2013.07.06"]
[Round "9"]
[White "Pena Mora, Carlos"]
[Black "Acosta, Luis Ivan"]
[Result "1-0"]
[WhiteElo "1658"]
[BlackElo "1879"]
[PlyCount "90"]
[EventDate "2013.07.01"]
[EventType "swiss"]
[EventRounds "11"]
[EventCountry "COL"]
[SourceTitle "EXT 2014"]
[Source "ChessBase"]
[SourceDate "2013.11.20"]
[SourceVersion "1"]
[SourceVersionDate "2013.11.20"]
[SourceQuality "1"]

1. c4 e5 2. g3 Bc5 3. Bg2 c6 4. e3 Qb6 5. Ne2 d6 6. Nbc3 Nd7 7. Na4 Qc7 8. Nxc5 Nxc5 9. d4 Ne6 10. d5 Nd8 11. e4 Bg4 12. h3 Bd7 13. 0-0 Ne7 14. f4 exf4 15. Nxf4 f6 16. Qh5+ Nf7 17. Ne6 Qb6+ 18. Kh2 g6 19. Qf3 f5 20. Ng7+ Kd8 21. Bd2 Ne5 22. Qa3 Nxc4 23. Qc3 Nxd2 24. Ne6+ Bxe6 25. Qxh8+ Kc7 26. Qxa8 Nxf1+ 27. Rxf1 Bc8 28. dxc6 bxc6 29. exf5 d5 30. f6 Nf5 31. f7 Qc5 32. b4 Qxb4 33. Qxa7+ Bb7 34. a4 Qd6 35. Qa5+ Kc8 36. Qc3 d4 37. Qb3 h5 38. Qd3 Qf6 39. g4 hxg4 40. hxg4 Qd6+ 41. Kg1 c5 42. Bxb7+ Kxb7 43. Qe4+ Ka7 44. gxf5 Qg3+ 45. Qg2 Qd6 1-0

[Event "Medellin Experts 17th"]
[Site "Medellin"]
[Date "2010.08.08"]
[Round "8.18"]
[White "Acosta, Luis Ivan"]
[Black "Cardona, Jeyson"]
[Result "0-1"]
[WhiteElo "1816"]
[BlackElo "1818"]
[PlyCount "30"]
[EventDate "2010.08.04"]
[EventType "swiss"]
[EventRounds "9"]
[EventCountry "COL"]
[SourceTitle "EXT 2024"]
[Source "ChessBase"]
[SourceDate "2023.10.10"]
[SourceVersion "1"]
[SourceVersionDate "2023.10.10"]
[SourceQuality "1"]

1. c4 e5 2. Nc3 Nf6 3. d3 Bb4 4. g3 Bxc3+ 5. bxc3 c5 6. Bg2 0-0 7. Nf3 e4 8. Ng5 exd3 9. Qxd3 Nc6 10. f4 h6 11. Ne4 Nxe4 12. Bxe4 d6 13. Be3 Re8 14. Kf2 Qe7 15. Rad1 Qxe4 0-1

[Event "Medellin Experts 17th"]
[Site "Medellin"]
[Date "2010.08.06"]
[Round "4.16"]
[White "Acosta, Luis Ivan"]
[Black "Garzon, Ivan Ricardo"]
[Result "0-1"]
[WhiteElo "1816"]
[BlackElo "1878"]
[PlyCount "104"]
[EventDate "2010.08.04"]
[EventType "swiss"]
[EventRounds "9"]
[EventCountry "COL"]
[SourceTitle "EXT 2024"]
[Source "ChessBase"]
[SourceDate "2023.10.10"]
[SourceVersion "1"]
[SourceVersionDate "2023.10.10"]
[SourceQuality "1"]

1. c4 c6 2. Nc3 d5 3. d4 Nf6 4. Nf3 e6 5. Bg5 dxc4 6. a4 Bb4 7. e3 b5 8. axb5 cxb5 9. Qc2 Bb7 10. Be2 h6 11. Bxf6 Qxf6 12. 0-0 a6 13. Rfd1 0-0 14. Ne5 Rd8 15. Bf3 Bxf3 16. Nxf3 Bxc3 17. bxc3 Nc6 18. Qe4 Ne7 19. Ra3 Nd5 20. Rda1 Rd6 21. Qg4 Rb6 22. e4 Qf4 23. Qxf4 Nxf4 24. Ne5 Rd6 25. g3 Nh3+ 26. Kg2 Ng5 27. f3 f6 28. Ng4 Nf7 29. f4 Rb6 30. Ne3 Nd6 31. Kf3 Nb7 32. Rb1 Rc8 33. g4 a5 34. f5 b4 35. Ra4 exf5 36. gxf5 b3 37. Nd5 Rbc6 38. Ne7+ Kf8 39. Nxc8 Rxc8 40. Kf4 Ke7 41. e5 fxe5+ 42. dxe5 Nc5 43. Rxc4 Ne6+ 44. fxe6 Rxc4+ 45. Kf5 Rxc3 46. Rd1 a4 47. Rd7+ Ke8 48. Ra7 b2 49. Ra8+ Ke7 50. Ra7+ Kd8 51. Rb7 Rb3 52. e7+ Ke8 0-1

[Event "Medellin Experts 17th"]
[Site "Medellin"]
[Date "2010.08.05"]
[Round "3.26"]
[White "Acosta, Luis Ivan"]
[Black "Arismendi Polanco, Efrain Steven"]
[Result "1-0"]
[WhiteElo "1816"]
[BlackElo "1592"]
[PlyCount "71"]
[EventDate "2010.08.04"]
[EventType "swiss"]
[EventRounds "9"]
[EventCountry "COL"]
[SourceTitle "EXT 2024"]
[Source "ChessBase"]
[SourceDate "2023.10.10"]
[SourceVersion "1"]
[SourceVersionDate "2023.10.10"]
[SourceQuality "1"]

1. c4 e6 2. Nc3 Nf6 3. e4 d5 4. e5 Nfd7 5. d4 c6 6. Nf3 Be7 7. Bd2 0-0 8. Bd3 f6 9. 0-0 b6 10. cxd5 cxd5 11. Qc2 h6 12. Rac1 f5 13. Qa4 Bb7 14. Rc2 a6 15. Rfc1 Bc6 16. Qb3 b5 17. Ne2 Qb6 18. Nf4 Bb7 19. Ng6 Re8 20. Bb4 Bd8 21. Bd6 Nc6 22. Bc5 Qc7 23. Qa3 Kf7 24. Nfh4 Nxc5 25. Rxc5 Rc8 26. b4 Bxh4 27. Nxh4 Qb6 28. Qb3 Rc7 29. a3 Rec8 30. Qc3 g5 31. Nxf5 exf5 32. Bxf5 h5 33. Bxc8 Bxc8 34. Rxc6 Rxc6 35. Qxc6 Qxc6 36. Rxc6 1-0

[Event "Medellin Experts 17th"]
[Site "Medellin"]
[Date "2010.08.05"]
[Round "2.17"]
[White "Estupinan, Sergio"]
[Black "Acosta, Luis Ivan"]
[Result "1-0"]
[WhiteElo "1937"]
[BlackElo "1816"]
[PlyCount "75"]
[EventDate "2010.08.04"]
[EventType "swiss"]
[EventRounds "9"]
[EventCountry "COL"]
[SourceTitle "EXT 2024"]
[Source "ChessBase"]
[SourceDate "2023.10.10"]
[SourceVersion "1"]
[SourceVersionDate "2023.10.10"]
[SourceQuality "1"]

1. e4 e5 2. Nf3 Nc6 3. Bb5 a6 4. Bxc6 dxc6 5. 0-0 Bg4 6. h3 h5 7. d3 Qf6 8. Nbd2 Bc5 9. Nc4 Bxf3 10. Qxf3 Qxf3 11. gxf3 f6 12. f4 Bd6 13. fxe5 fxe5 14. f4 b5 15. Nxe5 Ne7 16. Nf3 0-0-0 17. Be3 Rhf8 18. Ng5 Rd7 19. Ne6 Rf6 20. f5 Bb4 21. Kh1 Kb8 22. a3 Bd6 23. Rg1 Rf7 24. Nxg7 Be5 25. Ne6 Bxb2 26. Rab1 Bxa3 27. Bc5 Bxc5 28. Nxc5 Rd8 29. Nxa6+ Kb7 30. Nc5+ Kb6 31. Ne6 Ra8 32. Ra1 Rxa1 33. Rxa1 c5 34. Ra8 Nc6 35. Kg2 Kb7 36. Rh8 Kb6 37. Rh6 b4 38. Nd8 1-0

[Event "Medellin Experts 17th"]
[Site "Medellin"]
[Date "2010.08.04"]
[Round "1.11"]
[White "Hernandez, Cristian Andres"]
[Black "Acosta, Luis Ivan"]
[Result "1-0"]
[WhiteElo "1960"]
[BlackElo "1816"]
[PlyCount "89"]
[EventDate "2010.08.04"]
[EventType "swiss"]
[EventRounds "9"]
[EventCountry "COL"]
[SourceTitle "EXT 2024"]
[Source "ChessBase"]
[SourceDate "2023.10.10"]
[SourceVersion "1"]
[SourceVersionDate "2023.10.10"]
[SourceQuality "1"]

1. d4 Nf6 2. Bg5 Ne4 3. h4 c6 4. Nd2 Nxg5 5. hxg5 Qb6 6. Nb3 a5 7. a4 d6 8. Qd3 Na6 9. e4 Be6 10. Ra3 g6 11. Qd2 Bg7 12. Bxa6 Rxa6 13. Ne2 c5 14. d5 Bd7 15. c3 Bxa4 16. Nxc5 Qxc5 17. Rxa4 b5 18. Ra3 Qc4 19. f3 0-0 20. 0-0 Rfa8 21. Rfa1 b4 22. Ra4 Qc5+ 23. Kh1 bxc3 24. bxc3 Qf2 25. Qe1 Qe3 26. Nd4 Qxg5 27. Nc6 Rxc6 28. dxc6 Be5 29. Kg1 Bg3 30. Qe2 Qh4 31. Qe3 Rc8 32. Rc4 Bh2+ 33. Kf1 Bf4 34. Qf2 Qh1+ 35. Qg1 Qh5 36. Rb1 Qh6 37. Ke2 g5 38. Rb7 Qe6 39. Qd4 g4 40. Qd5 gxf3+ 41. Kxf3 Qf6 42. Qf5 Qxf5 43. exf5 Be5 44. c7 d5 45. Rb8 1-0